| 000 | 00492nam a2200205Ia 4500 | ||
|---|---|---|---|
| 005 | 20250217032430.0 | ||
| 008 | 240331s9999 xx 000 0 und d | ||
| 082 |
_bSAN _25061 _a305.4 |
||
| 245 | 0 | _aWomen and Culture | |
| 260 |
_aBombay _bResearch Centre for Women's Studies _c1994 |
||
| 300 | _a204 p., | ||
| 650 | _aWomen | ||
| 650 | _aCinema | ||
| 650 | _aCulture | ||
| 650 | _aLiterature | ||
| 650 | _aPolitics | ||
| 700 |
_aSangari, K _eedt |
||
| 700 |
_aVaid, S _eedt |
||
| 942 | _cL | ||
| 999 |
_c1730 _d1730 |
||